| 000 | 00630nam a2200193 i 4500 | ||
|---|---|---|---|
| 001 | 160928 | ||
| 003 | ES-MaACL | ||
| 005 | 20230906212146.0 | ||
| 008 | 041005s1873 gw |||| | eng d | ||
| 040 |
_aCAM _bspa _cCAM |
||
| 100 | 1 |
_aOliphant, Margaret. _9130611 |
|
| 245 | 1 | 0 |
_aMay / _cby Mrs. Oliphant. |
| 260 |
_aLeipzig : _bBernhard Tauchnitz, _c1873. |
||
| 300 |
_a2 v. (310 ; 304 p.) ; _c16 cm. |
||
| 490 | 1 |
_aCollection of british authors ; _v1323 ; 1324 |
|
| 830 | 0 |
_aCollection of british authors ; _v1323 ; 1324 _9180703 |
|
| 852 |
_aES-MaACL _jG-12674 _z-- Enc. hol. _z-- Enc. 2 t. en 1 v. |
||
| 999 |
_c160928 _d160928 |
||